000 00958nam a2200265 a 4500
999 _c9750
_d9750
001 9750
003 BD-JhCC
005 20180324182300.0
008 890830s1872 ii af b s00110 eng d
035 _a(BD-JhCC)9750
035 _a1229458
040 _aBD-JhCC
_cANL
_dBD-JhCC
041 _aeng
082 _a572.954
_bDAL 1972
100 1 _aDalton, Edward Tuite.
245 1 0 _aDescriptive ethnology of Bengal /
_cby Edward Tuite Dalton ; illustrated by lithograph portraits copied from photographs.
260 _aCalcutta :
_bOffice of the Supt. of Govt. Printing,
_c1872.
300 _avi, 327 [ie. 340] p., [74] leaves :
_bill. ;
_c36 cm.
500 _a"Printed for the Government of Bengal under the direction of the Council of the Asiatic Society of Bengal"
504 _aIncludes bibliographical references and index.
650 0 _aEthnology
_zIndia
_zBengal.
710 2 _aAsiatic Society of Bengal.
942 _2ddc
_cBK